The cemetery of Meir. Volume III, The tomb of Niankhpepy the Black /

محفوظ في:

المؤلفون الرئيسيون: Kanawati, Naguib (مؤلف), Evans, Linda, 1960- (مؤلف), Lashien, Miral (مؤلف), Mourad, Anna-Latifa (مؤلف), Senussi, Ashraf (مؤلف)

مؤلفون آخرون: Shafik, S. (مساهم), Suleiman, A. (مساهم), Victor, N. (مساهم)

التنسيق: كتاب

اللغة: English

منشور في: Oxford Aris & Phillips Ltd., [2015].

سلاسل: Reports (Australian Centre for Egyptology) ; 38.

الموضوعات:

الوسوم: إضافة وسم

لا توجد وسوم, كن أول من يضع وسما على هذه التسجيلة!

رقم الطلب: DT73.M4 K358 v.3

LEADER 01726cam a2200421Mi 4500
001 ocn948499423
003 OCoLC
005 20240129131700.0
008 160502t20152015enkaf b 001 0 eng
020 |a 9780856688560  |q (paperback) 
020 |a 0856688568  |q (paperback) 
043 |a f-ua--- 
050 4 |a DT73.M4  |b K358 v.3 
100 1 |a Kanawati, Naguib,  |e author. 
245 1 4 |a The cemetery of Meir.  |n Volume III,  |p The tomb of Niankhpepy the Black /  |c Naguib Kanawati, Linda Evans, Miral Lashien, Anna-Latifa Mourad and Ashraf Senussi ; with contributions by S. Shafik, A. Suleiman and N. Victor. 
246 3 0 |a tomb of Niankhpepy the Black 
264 1 |a Oxford  |b Aris & Phillips Ltd.,  |c [2015]. 
264 4 |c �2015 
300 |a 65 pages, 91 pages of plates (some folded) :  |b illustrations (some colour) ;  |c 29 cm. 
336 |a text  |2 rdacontent 
337 |a unmediated  |2 rdamedia 
338 |a volume  |2 rdacarrier 
490 1 |a Australian Centre for Egyptology report ;  |v 38 
500 |a With contributions by S. Shafik, A. Suleiman amd N. Victor. 
504 |a Includes bibliographical references and index. 
650 0 |a Tombs  |z Egypt  |z Meir. 
650 0 |a Excavations (Archaeology)  |z Egypt  |z Meir. 
651 0 |a Meir (Egypt)  |x Antiquities. 
700 1 |a Evans, Linda,  |d 1960-  |e author. 
700 1 |a Lashien, Miral,  |e author. 
700 1 |a Mourad, Anna-Latifa,  |e author. 
700 1 |a Senussi, Ashraf,  |e author. 
700 1 |a Shafik, S.  |q (Sameh),  |e contributor. 
700 1 |a Suleiman, A.,  |e contributor. 
700 1 |a Victor, N.  |q (Naguib),  |e contributor. 
710 2 |a Australian Centre for Egyptology,  |e issuing body. 
830 0 |a Reports (Australian Centre for Egyptology) ;  |v 38.  |x 1034-7844 
999 |c 55701  |d 55701